000 00303nam a22001337a 4500
008 170427b xxu||||| |||| 00| 0 eng d
020 _a9780534535322
041 _aeng
080 _25 ED
_a343.9
100 _a13
101 _aSHJ
245 _aCRIMINAL INVESTIGATION
_cBENNETT.W.W
942 _2udc
_cBK
999 _c12293
_d12293